Minecraft by Letter - J - Statistics

General Stats
  • This quiz has been taken 36 times
  • The average score is 4 of 5
Answer Stats
Hint Answer % Correct
The name for the computer version of the game Java
100%
The biome where pandas, parrots, and ocelots spawn Jungle
97%
A structure with booby traps made out of cobblestone Jungle Temple
81%
The Minecraft term for a mob riding another mob Jockey
78%
Tall, snowy mountains are called this Jagged Peaks
47%
No matching quizzes found
Score Distribution
Percent of People with Each Score
Percentile by Number Answered
Your Score History
You have not taken this quiz